000 01176nam a2200289Ia 4500
003 OSt
005 20221002045640.0
006 a|||||r|||| 00| 0
007 ta
008 220930b |||||||| |||| 00| 0 hin d
020 _a9788126320912 (hbk)
_cINR 6580.00
024 _a36553
037 _bBW/1693, 15/03/2018, Bookwell
_cReference Collections
040 _aCRL
_cCRL
_bhin
041 _2hin
_ahin
082 _aO152,1N11x, Q1;Q4.1-.13(RR)
100 _aपालीवाल, कृष्णदत्त, संपा.
245 0 _aअज्ञेय रचनावली
250 _aसंस्करण 2
260 _aनयी
_bदिल्ली भारतीय ज्ञानपीठ
_c2014
490 _vखंड 1
500 _aलोकोदय ग्रन्थमाला; ग्रन्थांक 1203
650 _a हिन्दी साहित्य
650 _aहिन्दी कविता
942 _hO152,1N11x, Q1;Q4.1-.13(RR)
_cref
_2CC
999 _c912889
_d912889